Hang động : Tiểu thuyết = A Caverna
محفوظ في:
| المؤلف الرئيسي: | |
|---|---|
| التنسيق: | كتاب |
| اللغة: | Undetermined |
| منشور في: |
Thành phố Hồ Chí Minh
Thanh niên
2009
|
| الموضوعات: | |
| الوسوم: |
إضافة وسم
لا توجد وسوم, كن أول من يضع وسما على هذه التسجيلة!
|
| Thư viện lưu trữ: | Trung tâm Học liệu Trường Đại học Cần Thơ |
|---|
| LEADER | 00618nam a2200217Ia 4500 | ||
|---|---|---|---|
| 001 | CTU_154686 | ||
| 008 | 210402s9999 xx 000 0 und d | ||
| 020 | |c 72000 | ||
| 082 | |a 869.342 | ||
| 082 | |b S243 | ||
| 100 | |a Saramago, José | ||
| 245 | 0 | |a Hang động : | |
| 245 | 0 | |b Tiểu thuyết = A Caverna | |
| 245 | 0 | |c José Saramago ; Lê Xuân Quỳnh dịch | |
| 260 | |a Thành phố Hồ Chí Minh | ||
| 260 | |b Thanh niên | ||
| 260 | |c 2009 | ||
| 650 | |a Blind,Literature, Portuguese | ||
| 650 | |x Fiction | ||
| 904 | |i Giang | ||
| 980 | |a Trung tâm Học liệu Trường Đại học Cần Thơ | ||